| 000 | 00896nam a2200277 i 4500 | ||
|---|---|---|---|
| 001 | bg | ||
| 100 | 1 | _aHelin, André. | |
| 245 | 1 | 0 |
_aUstawa o rachunkowości 2009 / _cAndré Helin. |
| 250 | _aWyd. 4, stan prawny styczeń 2009 r. | ||
| 260 |
_aWarszawa : _bWydawnictwo C. H. Beck, _c2009. |
||
| 300 |
_aLXXVIII, 759 s. ; _c25 cm. |
||
| 490 | 1 | _aRachunkowość | |
| 504 | _aBibliogr. s. 747-749, wykaz aktów prawnych s. 751-753. Indeks. | ||
| 650 | 9 |
_aRachunkowość _xprawo _zPolska _ystan na 2009 r. |
|
| 830 | 0 | _aRachunkowość - C. H. Beck | |
| 015 | _aPB 11485/2009 | ||
| 020 | _a9788325505011 | ||
| 040 | _cBPK | ||
| 041 | _apol | ||
| 044 | _aPOL | ||
| 080 | _a346.52:347.728.1](438)(094.5) | ||
| 920 |
_a978-83-255-0501-1 : _czł 169 |
||
| 942 | _cKS | ||
| 008 | 090504s2009 pl l |001 0 pol | ||
| 999 |
_c56698 _d56698 |
||
| 856 |
_uhttp://koha.tu.koszalin.pl/cgi-bin/koha/opac-detail.pl?biblionumber=56698 _yKatalog online BPK |
||